Curso de electricidad práctica / (Record no. 37924)

MARC details
000 -LEADER
campo de control de longitud fija 00559nam a2200169 i 4500
001 - NÚMERO DE CONTROL
campo de control 37924
003 - IDENTIFICADOR DE NÚMERO DE CONTROL
campo de control ES-MaACL
005 - FECHA Y HORA DE LA ÚLTIMA TRANSACCIÓN
campo de control 20230906155651.0
007 - CAMPO FIJO DE DESCRIPCIÓN FÍSICA--INFORMACIÓN GENERAL
campo de control de longitud fija t|
008 - DATOS DE LONGITUD FIJA--INFORMACIÓN GENERAL
campo de control de longitud fija 030224s1960 sp ||||1| spa d
100 1# - ENTRADA PRINCIPAL--NOMBRE DE PERSONA
Nombre de persona Caillaut, R.
9 (RLIN) 33459
245 10 - MENCIÓN DEL TÍTULO
Título Curso de electricidad práctica /
Mención de responsabilidad, etc. por R. Caillaut ; cuarta edición ampliada y puesta al día por Francisco J. Girona.
260 ## - PUBLICACIÓN, DISTRIBUCIÓN, ETC.
Lugar de publicación, distribución, etc. Barcelona, etc. :
Nombre del editor, distribuidor, etc. José Montesó,
Fecha de publicación, distribución, etc. 1960.
300 ## - DESCRIPCIÓN FÍSICA
Extensión XII, 330 p. :
Otras características físicas il. ;
Dimensiones 22 cm.
700 1# - ENTRADA AGREGADA--NOMBRE PERSONAL
Nombre de persona Girona, Francisco J.
9 (RLIN) 57278
852 ## - LOCALIZACIÓN
Ubicación ES-MaACL
Número de control de estantería C-18487
Sublocalización o colección R.46344
Holdings
Estatus retirado Estado de pérdida Estado de daño No para préstamo Biblioteca de origen Biblioteca actual Ubicación en estantería Fecha de adquisición Fuente de adquisición Total de préstamos Signatura topográfica completa Código de barras Visto por última vez Precio de reemplazo Tipo de ítem Koha
        Biblioteca del Ateneo de Madrid Biblioteca del Ateneo de Madrid Galería 17/01/2008     C-18487 1039929 23/02/2023 23/02/2023 Libro impreso